| 000 | 00347nam a2200145Ia 4500 | ||
|---|---|---|---|
| 008 | 150201s1998 xx 000 0 und d | ||
| 082 |
_a610.743 _bN98H |
||
| 100 | _aHINCHKIFF, SUN | ||
| 245 | _aNURSING PRACTICE HEALTH CARE | ||
| 250 | _a3RD | ||
| 260 |
_bARNOLD _aLONDON _c1998 |
||
| 300 | _a740 | ||
| 650 | _aCOMMUNITy NURSING | ||
| 942 |
_2ddc _cBK |
||
| 999 |
_c2334 _d2334 |
||